Sus Stew Effects from Flowers - Statistics

General Stats
  • This quiz has been taken 78 times
    76 since last reset
  • The average score is 4 of 10
Answer Stats
Hint Answer % Correct
Jump Boost Cornflower
72%
Wither Wither Rose
66%
Saturation Golden Dandelion / Dandelion / Blue Orchid
63%
Weakness Tulip
63%
Poison Lily of the Valley
41%
Regeneration Oxeye Daisy
38%
Nightvision Poppy ( / Torchflower)
38%
Blindness Azure Bluet / Open Eyeblossom
28%
Nausea Closed Eyeblossom
19%
Fire resistance Allium
16%
No matching quizzes found
Score Distribution
Percent of People with Each Score
Percentile by Number Answered
Your Score History
You have not taken this quiz since the last reset